01931nam a22003737a 4500003000400000005001700004008004100021040002200062082001400084100004700098245004500145260005600190300001800246366000800264490002300272505008400295505032300379505004700702505006900749505004900818505008900867505004000956505014100996505001301137650004101150650005001191650004301241650004801284650004301332650004401375650004801419650004701467650004301514OSt20230413131523.0221006b |||||||| |||| 00| 0 eng d cBiblioteca Lado V a700bK41a aAcosta de Arriba, Rafaeleeditoredirector aArte Cubano/bRevista de Artes Visuales/ bConsejo Nacional de las Artes Plasticasc2000aCuba c22x32cma86p. espa v2000a3x1024 8439 tEl espacio cotidiano y el sabor del etnos: Estudios Culturales Latinoamericanos tRuta CriticaaFelix Gonzalez Torres: La indocilidad del sentido La realidad y sus dobles A propósito de una de las perturbaciones Profundamente realistas: no solo mágico o maravilloso Estética y necrofilia La aventura del silencio en Tania Bruguera Manera de asomarse a los mapas Del otro lado del limite  tPensando AltoaVivimos un momento asustado tDossier sobre La Biennal de la HabanaaNi Musicos Ni deportistas tOtros espacios...aIntroducción al tatuaje tHistorietasaLa historia de la pastilla Muerte de Yarini al son de Toulouse Lautrec tRusty Scope. De Cornell a Reznor... tLibrosaAntitético paisaje de la America Clásica Hemingway, Corrales: mitos inconclusos de Cojimar. Ultrasonido de una edición  tSummary. 2Tesauro de Arte & ArquitecturaaARTE 2Tesauro de Arte & ArquitecturaaEXPOSICIONES  2Tesauro de Arte & ArquitecturaaBIENAL 2Tesauro de Arte & ArquitecturaaAPRECIACION 2Tesauro de Arte & ArquitecturaaTEORIA 2Tesauro de Arte & ArquitecturaaCRITICA 2Tesauro de Arte & ArquitecturaaFOTOGRAFIA  2Tesauro de Arte & ArquitecturaaLITERATURA 2Tesauro de Arte & ArquitecturaaCUBANO